书目信息 |
| 题名: |
应聘世界500强
|
|
| 作者: | ;高新职业猎头中心 编著 | |
| 分册: | ||
| 出版信息: | 哈尔滨 黑龙江人民出版社 2005.01 |
|
| 页数: | 236页 | |
| 开本: | 21cm | |
| 丛书名: | ||
| 单 册: | ||
| 中图分类: | C913.2 | |
| 科图分类: | ||
| 主题词: | 职业选择--基本知识 | |
| 电子资源: | ||
| ISBN: | 7-207-06407-1 | |
| 000 | 00979nam0 2200253 450 | |
| 001 | 0135692062 | |
| 005 | 20050915095549.19 | |
| 010 | @a7-207-06407-1@dCNY19.80 | |
| 100 | @a20050325d2005 km y0chiy0120 ea | |
| 101 | 0 | @achi |
| 102 | @aCN@b230000 | |
| 105 | @ay z 000yy | |
| 200 | 1 | @a应聘世界500强@Aying pin shi jie 500 qiang@e试题·攻略·捷径@e中国版@f高新职业猎头中心编著@Fgao xin zhi ye lie tou zhong xin bian zhu |
| 210 | @a哈尔滨@c黑龙江人民出版社@d2005.01 | |
| 215 | @a236页@d21cm | |
| 330 | @a本书选编了世界500强中较典型企业的应聘模式,包括面试、穿着、应聘前的准备、应聘过程、应聘试题等,旨在指导谋求发展的优秀人才获得成功的机会。 | |
| 510 | 1 | @a500 Power Interviews@zeng |
| 517 | 1 | @a试题·攻略·捷径@Ashi ti·gong lue·jie jing |
| 517 | 1 | @a中国版@Azhong guo ban |
| 606 | 0 | @a职业选择@x基本知识 |
| 690 | @aC913.2@v4 | |
| 711 | 02 | @a高新职业猎头中心@Agao xin zhi ye lie tou zhong xin@4编著 |
| 801 | 0 | @aCN@bQSSK@c20050915 |
| 905 | @a10447@dC913.2@eG199 | |
| 应聘世界500强:试题·攻略·捷径:中国版/高新职业猎头中心编著.-哈尔滨:黑龙江人民出版社,2005.01 |
| 236页;21cm |
| ISBN 7-207-06407-1:CNY19.80 |
| 本书选编了世界500强中较典型企业的应聘模式,包括面试、穿着、应聘前的准备、应聘过程、应聘试题等,旨在指导谋求发展的优秀人才获得成功的机会。 |
| ● |
| 相关链接 |
|
|
|
正题名:应聘世界500强
索取号:C913.2/G199
 
预约/预借
| 序号 | 登录号 | 条形码 | 馆藏地/架位号 | 状态 | 备注 |
| 1 | 564778 | 205647781 | 社科库509/509社科库 61排5列5层/ [索取号:C913.2/G199] | 在馆 | |
| 2 | 564779 | 205647790 | 社科库509/509社科库 61排5列5层/ [索取号:C913.2/G199] | 在馆 | |
| 3 | 564780 | 205647807 | 社科库509/509社科库 61排5列5层/ [索取号:C913.2/G199] | 在馆 |